Семеновых Василия Титовича

Доступно только в Электронных читальных залах Найти на картеНа карте
RUSMARC
00003924nac2a22002891x 450
0010a51f4d9-7227-4e94-90cf-95a449bd3465
00520140110042240.0
100##$a20130529l1910 k y0rusy50 ca
1010#$arus
102##$aRU
105##$ay z |||||
1220#$ad19100105
2001#$aСеменовых Василия Титовича
$j5 января 7418 (1910)
215##$a2 листа
251##$cДело
300##$aЗаголовок дела на папке: Письмо Семеновых Василия Титовича (старообрядца) Кони А. Ф.
300##$a1 письмо
300##$aРукописный текст
330##$aПереписка А. Ф. Кони; Письма к А. Ф. Кони
461#0$10013a54f2e3-e9cf-409b-80fa-f0a9bd3c40cb
$12001
$aКони Анатолий Федорович, юрист, литератор, член академии наук, председатель Санкт-Петербургского окружного суда, член государственного совета
$1251
$cФонд
$1852
$j564
462#0$100178a475cd-a47d-4377-bff3-cee4b81de655
$12001
$aОпись дел фонда А. Ф. Кони за 1880-1931 гг.
$1251
$cОпись
$1852
$j1
517##$aПисьмо Семеновых Василия Титовича (старообрядца) Кони А. Ф.
600#1$aКони
$bА. Ф.
$f1844-1927
$gАнатолий Федорович
600#1$aСеменовых
$bВ. Т.
$gВасилий Титович
801#0$aRU
$bGA_RF
801#1$aRU
$bНПО Опыт
$c20130529
$2rusmarc
801#2$aRU
$bПБ им. Б.Н. Ельцина
$c20140110
$gRCR
$2rusmarc
852##$aГА РФ
$j3160
937##$d42664184
$hПБ
035##$aRuPRLIB51004434
Формат отображения